00844cam a22002414a 4500001000500000005001700005020001800022040001800040050002300058082001100081100001800092245009600110250004500206260003700251300006000288505000800348520011300356521002000469521002000489650002900509650003200538700003200570327320250513081136.0 a9780545504713 aDLCcDLCbeng00aPS3569.I295b 201100a811.541 aSidman, Joyce10aSwirl by swirl :bspirals in nature /cwritten by Sidman, Joyce ; pictures by Krommes, Beth aFirst Scholastic printing , October 2012 aNew York : bScholastic , c2011 a39 unnumbered pages : bcolor illustrations ;c22 cm .  aK  aCelebrates the shape of a spiral in nature, from rushing rivers to flower buds and even the shape of an ear. a510 bLexile  aK bRaz-Plus  0aSpiralsvJuvenile poetry 0aChildren's poetry, American1 aKrommes, Betheillustrator